"Weird Al" Yankovic Songs - Statistics

General Stats
  • This quiz has been taken 116 times
    39 since last reset
  • The average score is 14 of 24
Answer Stats
Original Source Original Artist(s) Weird Al Parody % Correct
Gangsta's Paradise Coolio Amish Paradise
100%
Bad Michael Jackson Fat
95%
Beat It Michael Jackson Eat It
92%
Like a Virgin Madonna Like a Surgeon
92%
I Want It That Way Backstreet Boys Ebay
89%
Party In The USA Miley Cyrus Party In The CIA
89%
Smells Like Teen Spirit Nirvana Smells Like Nirvana
87%
Ridin' Chamillionaire White & Nerdy
82%
Happy Pharrell Williams Tacky
76%
Royals Lorde Foil
74%
Lump The Presidents of the United States of America Gump
63%
Jeopardy The Greg Kihn Band I Lost on Jeopardy
63%
Blurred Lines Robin Thicke Word Crimes
58%
American Pie Don McLean The Saga Begins
55%
Born This Way Lady Gaga Perform This Way
50%
Trapped in The Closet R. Kelly Trapped In The Drive-Thru
47%
It's All About the Benjamins Puff Daddy It's All About The Pentiums
45%
Fancy Iggy Azalea Handy
39%
Multiple Songs Multiple Artists Polka Face
29%
Whatever You Like T.I. Whatever You Like
29%
Weird Al Original Weird Al Yankovic Dare To Be Stupid
26%
Multiple Songs Multiple Artists Polkamania!
24%
Weird Al Original Weird Al Yankovic First World Problems
5%
Weird Al Original Weird Al Yankovic Virus Alert
5%
No matching quizzes found
Score Distribution
Percent of People with Each Score
Percentile by Number Answered
Your Score History
You have not taken this quiz since the last reset